000
00230nam a2200085Ia 4500
245
0
_a
Effective communication
100
_a
O'Rourke, James S., London, 2009
_9
85396
942
_c
BK
008
210817s9999 xx 000 0 und d
999
_c
318991
_d
318990